| 000 | 00712nam a2200241Ia 4500 | ||
|---|---|---|---|
| 003 | OSt | ||
| 005 | 20220924114247.0 | ||
| 006 | a|||||r|||| 00| 0 | ||
| 007 | ta | ||
| 008 | 220923b |||||||| |||| 00| 0 urd d | ||
| 024 | _a323189 | ||
| 037 | _cTextual | ||
| 040 |
_aARTS _cARTS _burd |
||
| 041 |
_2urd _aurd |
||
| 082 | _aV28111,1y7LCH, 168G9 | ||
| 100 |
_aSharma Divakar Nath Au. _9172685 |
||
| 245 | 0 | _aBundel kesri yani Maharaj Chattara Saal | |
| 260 |
_aAmritsar _bBharat pustak bhandar India _c1939 |
||
| 300 |
_a120p. _ccm. |
||
| 650 |
_aREWAH - HISTORY _9172686 |
||
| 942 |
_hV28111,1y7LCH, 168G9 _cTEXL _2CC |
||
| 999 |
_c392738 _d392738 |
||